000
00301nam a22001337a 4500
008
170512b xxu||||| |||| 00| 0 eng d
020
_a
9780253204653
041
_a
eng
080
_a
94
100
_a
16
101
_a
SHH
245
_a
THE THEORY OF ORAL COMPOSITION
_c
FOLEY , J.M
942
_2
udc
_c
BK
999
_c
13289
_d
13289